000 00516nam a22001577a 4500
008 150317b xxu||||| |||| 00| 0 eng d
020 _a0415328594
050 _aPR21.O595
100 _aOnyett, Nicola.
245 _aComparing texts. /
_cNicola Onyett
260 _aLondon:
_bRoutledge,
_c2005.
300 _axi,81p.:
_bill.;
_c25cm.
500 _aIncludes glossary.
505 _aContents:Genre -- Theme -- Linked and labelled texts -- Sources and adaptations -- Comparing texts in examinations.
942 _2lcc
_cBK
999 _c5422
_d12922